Stemmi Squadre di calcio dal dettaglio - Quiz n°27 - Statistics

Statistiche generali
  • Questo quiz è stato fatto 7 volte
  • Il punteggio medio è 6 su 10
Statistiche sulle risposte
con Immagini Risposta % Corretto
Arsenal
100%
Galatasaray
86%
Livorno
86%
Rangers
86%
Newell's Old Boys
57%
Reggiana
57%
Monterrey
43%
Fortuna Düsseldorf
29%
Guingamp
29%
Racing Santander
29%
Nessun quiz corrispondente trovato
Distribuzione punteggi
Percentuale di utenti per punteggio
Percentile per numero di risposta
I tuoi punteggi nel tempo
Non hai fatto questo quiz